| 000 | 01011nam a2200301 i 4500 | ||
|---|---|---|---|
| 003 | EG-GICUC | ||
| 005 | 20260506101841.0 | ||
| 008 | 260506s1932 de ||||fr|||| 00| 0 ger d | ||
| 040 |
_aEG-GiCUC _bger _cEG-GiCUC _dEG-GiCUC _eRda |
||
| 041 | 0 | _ager | |
| 082 | 0 | 4 |
_221 _a343.375 _bSC . D |
| 092 | 0 | 4 | _221 |
| 099 | _aLaw1 10 343.375 SC . D 1932 | ||
| 100 | 1 |
_aSchmid, Karl _eAuthor. |
|
| 245 | 1 | 0 |
_aDie Rechtsprechung des Ständigen Internationalen Gerichtshofs in Rechtssätzen dargestellt / _cvon Karl Schmid |
| 264 | 1 |
_a Stuttgart : _bFerdinand Enke Verlag, _c1932. |
|
| 300 |
_a283 page ; _c 24 cm. _billustrations, |
||
| 336 |
_2rda contenu _a texte |
||
| 337 |
_2rda medias _aOrdinateur |
||
| 338 |
_2 transporteur rda _a Ressource en ligne |
||
| 504 | _aComprend des references bibliographiques. | ||
| 546 | _a Text in German | ||
| 650 | 1 |
_aCriminal Law _2qrmak |
|
| 651 | 1 | _2qrmak | |
| 856 | 4 | 0 | _uhttps://fll.law.cu.edu.eg/fulltext/bks/B10-11206.pdf |
| 905 | _a74 | ||
| 942 |
_2ddc _n0 _cBK _e21 |
||
| 999 |
_c75978 _d75978 |
||